00330pab a2200133 454500008004000000100001800040245004900058260000900107300001200116362001200128650001900140650001100159773002600170180718b1998 xxu||||| |||| 00| 0 eng d aSaksena, J.N. aIndian police after 50 years of independence c1998 ap.41-43 aJan-Jun aPolice - India aPolice aIndian Police Journal